| 000 | 01303nam a22001577a 4500 | ||
|---|---|---|---|
| 041 | _aukr | ||
| 080 | _a09 | ||
| 090 | _bСНВ | ||
| 100 | _aСтепанюк Н.В. | ||
| 245 | _aЛексико семантичне поле слова "жінка" в англійській мові | ||
| 260 |
_aОстрог _bКАФ _c2007 |
||
| 300 | _a47 | ||
| 520 |
_aВСТУП.
РОЗДІЛ 1. Теоретичні засади організації лексикону.
1.1. Традиційний підхід до організації лексикону.
1.2. Території поля та типи зв’’язків в лексичних польових структур.
1.3. Психолінгвістичний підхід до організації лексикону.
РОЗДІЛ 2. ЛЕКСИКО СЕМАНТИЧНЕ ПОЛЕ СЛОВА "ЖІНКА" В СУЧАСНІЙ АНГЛІЙСЬКІЙ МОВІ.
2.1. Визначення семантичних підгруп слів концепту "жінка" в англійській мові.
2.2. Аналіз образу жінки на основі англійських прислів’їв та афоризмів.
ВИСНОВКИ. _0лексикологія, семантика. |
||
| 650 | _aResearch Papers | ||
| 999 |
_c283925 _d283925 |
||
| 942 | _cBK | ||